Teoría y realidad económica

Gespeichert in:
Bibliographische Detailangaben
1. Verfasser: Pigou, A. C (VerfasserIn)
Format: Buch
Sprache:Spanisch
Veröffentlicht: Ciudad de México Fondo de Cultura Económica 1942
Schriftenreihe:Manuales Introductorios, 2
Schlagworte:
Tags: Tag hinzufügen
Keine Tags, Fügen Sie den ersten Tag hinzu!

MARC

LEADER 00000nam a2200000 a 4500
001 UCR7667
003 CL-VaPUC
008 980519e19420000MX |||||||||||||||||spa|d
082 0 4 |a 330.1  |b PIG  |2 21 
100 0 |a Pigou, A. C  |e author  |9 409028 
245 1 0 |a Teoría y realidad económica 
300 |a 147 p 
942 |c BK 
945 |d 19980519 00:00:00  |a crobeson 
260 |a Ciudad de México  |b Fondo de Cultura Económica  |c 1942 
650 0 |a Economía   |9 255568 
650 0 |a Teoría económica  |9 315055 
650 0 |a Comercio  |9 255341 
650 0 |a Condiciones económicas  |9 258255 
583 |a last modification  |c 19980519 00:00:00  |k Rodrigo Vera 
490 0 |a Manuales Introductorios, 2 
999 |c 269257  |d 269255 
952 |0 0  |1 0  |4 0  |6 330_100000000000000_PIG_1942  |7 0  |8 A  |9 302955  |a BIBENE  |b BIBENE  |d 2019-11-20  |i 1993348  |o 330.1 PIG 1942  |p 1993348  |r 2025-01-15  |w 2019-11-20  |y BK  |k ICO